00895cam a2200229 a 4500020003900000040000800039082002600047100002400073245007600097250001200173260003500185300003500220650001900255650001400274700002400288856005400312856006200366856006600428942000700494999001700501952014700518 a0072319917 (pbk. : acidfree paper) cDLC00a305 MCG 2001 A010 Or.1 aAguirre, Adalberto.10aAmerican ethnicity :bthe dynamics and consequences of discrimination / a3rd ed. aBoston :bMcGraw-Hill,cc2001. axvii, 332 p. :bill. ;c24 cm. 0aDiscrimination 0aEthnicity1 aTurner, Jonathan H.41uhttp://www.loc.gov/catdir/toc/mh041/00031860.html42uhttp://www.loc.gov/catdir/description/mh021/00031860.html42uhttp://www.loc.gov/catdir/enhancements/fy0737/00031860-b.html cEK c13835d13835 0010406305_000000000000000_MCG_2001_A010_OR70965356aLBAbLBAcA010d2017-08-31o305 MCG 2001 A010 Or.pA15588r2017-08-31w2017-08-31yEK